000 00940nam a22002777a 4500
003 PE SENCICO BE
005 20251020182625.0
008 230124b |||||||| |||| 00| 0 eng d
020 _a978-912-00-3975-5
040 _aPE SENCICO BE
_cPE SENCICO BE
041 _aspa
082 _a624.153
_bJ54
100 1 _9511
_aJiménez Enciso, Alex Roy
_eautor
245 1 _aEncofrados y andamios para obras civiles y edificaciones /
_cAlex Roy Jiménez Enciso, Daniel Jiménez Hualpa
250 _a2a ed.
260 _aLima:
_c2019
300 _a281 p. :
_bil. col., diagrs.;
_c29 cm.
650 1 4 _9417
_aIndustria de la construcción
650 2 0 _aConstrucciones de hormigón armado
_9512
650 2 4 _9177
_aConstrucción
_vManuales, etc.
650 2 0 _9626
_aEncofrados
650 2 0 _9216
_aEdificaciones
700 1 _92024
_aJiménez Hualpa, Daniel
910 _bhfp
_chfp
942 _2ddc
_cLIB
_e2019
_h693.5
_iJ54
999 _c3791
_d3791